Statics and strength of materials : (Record no. 175511)
[ view plain ]
| 000 -LEADER | |
|---|---|
| fixed length control field | 01127 a2200217 4500 |
| 003 - CONTROL NUMBER IDENTIFIER | |
| control field | Nust |
| 005 - DATE AND TIME OF LATEST TRANSACTION | |
| control field | 20221021124810.0 |
| 010 ## - LIBRARY OF CONGRESS CONTROL NUMBER | |
| LC control number | 87061299 |
| 020 ## - INTERNATIONAL STANDARD BOOK NUMBER | |
| International Standard Book Number | 0675206227 |
| 040 ## - CATALOGING SOURCE | |
| Transcribing agency | Nust |
| 082 00 - DEWEY DECIMAL CLASSIFICATION NUMBER | |
| Classification number | 620.112,WOL |
| 100 1# - MAIN ENTRY--PERSONAL NAME | |
| Personal name | Wolf, Lawrence J. |
| 9 (RLIN) | 101092 |
| 245 10 - TITLE STATEMENT | |
| Title | Statics and strength of materials : |
| Remainder of title | a parallel approach to understanding structures / |
| Statement of responsibility, etc. | Lawrence J. Wolf. |
| 260 ## - PUBLICATION, DISTRIBUTION, ETC. | |
| Place of publication, distribution, etc. | Columbus, Ohio : |
| Name of publisher, distributor, etc. | Merrill, |
| Date of publication, distribution, etc. | c1988. |
| 300 ## - PHYSICAL DESCRIPTION | |
| Extent | xiv, 498 p. : |
| Other physical details | ill. ; |
| Dimensions | 25 cm. |
| 505 ## - FORMATTED CONTENTS NOTE | |
| Formatted contents note | Structure, Forces, and Equilibrium (Page-1), Straight-Line Tension Structure (Page-27), Compression and Bearing (Page-69), Shear Elements (Page-103), Torsion (Page-135), Angled Structure (Page-169), Trusses (Page-211), Chapped Structure: Cables, Suspension Bridges, Arches, and Pressure Vessels (Page-231), Banding Members (Page-261), Shear Force and Bending Moment Diagrams (Page-337), Deformation of Beams (Page-369), Statically Indeterminate Beams (Page-403), Columns (Page-419), Compound Structure (Page-439). |
| 650 #0 - SUBJECT ADDED ENTRY--TOPICAL TERM | |
| Topical term or geographic name entry element | Statics. |
| 650 #0 - SUBJECT ADDED ENTRY--TOPICAL TERM | |
| Topical term or geographic name entry element | Strength of materials. |
| 650 #0 - SUBJECT ADDED ENTRY--TOPICAL TERM | |
| Topical term or geographic name entry element | Structural engineering. |
| 942 ## - ADDED ENTRY ELEMENTS (KOHA) | |
| Koha item type | Reference |
| Source of classification or shelving scheme | |
| Withdrawn status | Lost status | Source of classification or shelving scheme | Damaged status | Not for loan | Permanent Location | Current Location | Shelving location | Date acquired | Full call number | Barcode | Date last seen | Price effective from | Koha item type | Public note |
|---|---|---|---|---|---|---|---|---|---|---|---|---|---|---|
| Military College of Signals (MCS) | Military College of Signals (MCS) | General Stacks | 12/12/2016 | 620.112,WOL | MCS922 | 12/08/2016 | 12/12/2016 | Book | Almirah No.27, Shelf No.5 |
